| 000 | 00459nam a22001577a 4500 | ||
|---|---|---|---|
| 003 | SGT | ||
| 020 | _a9788188684847 | ||
| 082 | _a372,NAD | ||
| 100 | _aNADEEM, SYEDAH FAWZIA | ||
| 245 | _aSHARING RESPONSIBILITY FOR PRIMARY EDUCATION | ||
| 260 |
_aNEW DELHI _bACADEMIC EXCELLENCE _c2008 |
||
| 300 | _a212 | ||
| 650 | _aEDUCATION | ||
| 653 | _aGOVERNMENTAL EFFORTS IN PRIMARY EDUCATION, NGOS IN PRIMARY, NEED FOR STUDY OBJECTIVES, SAMPLE | ||
| 942 |
_2ddc _cFCM |
||
| 999 |
_c8986 _d8986 |
||